[Event "FRA-chT2 1011"]
[Site "France"]
[Date "2010.10.17"]
[Round "1.2"]
[White "Eliet, Nicolas"]
[Black "Vallet, Marc"]
[Result "1/2-1/2"]
[WhiteElo "2407"]
[BlackElo "2204"]
[PlyCount "66"]
[EventDate "2010.10.17"]
[EventType "team-tourn"]
[EventRounds "11"]
[EventCountry "FRA"]
[SourceTitle "EXT 2012"]
[Source "ChessBase"]
[SourceDate "2011.11.24"]
[SourceVersion "1"]
[SourceVersionDate "2011.11.24"]
[SourceQuality "1"]

1. d4 Nf6 2. c4 e5 3. dxe5 Ng4 4. e3 Nxe5 5. Nc3 Bc5 6. Nh3 0-0 7. Nf4 Re8 8. Be2 a5 9. b3 Bf8 10. Bb2 d6 11. 0-0 Na6 12. Qc2 g6 13. Rad1 Bf5 14. e4 Bd7 15. Nfd5 c6 16. Ne3 Qh4 17. f4 Nb4 18. Qd2 Ng4 19. Bxg4 Bxg4 20. Rde1 Bg7 21. h3 Bd7 22. f5 Rad8 23. a3 Na6 24. Ng4 gxf5 25. exf5 Rxe1 26. Rxe1 Bxf5 27. Ne4 Bxg4 28. Bxg7 Kxg7 29. Qd4+ Kg6 30. Nf2 Nc5 31. hxg4 Qf6 32. Qd2 d5 33. Nh3 Ne4 1/2-1/2

[Event "BEL-chT 1011"]
[Site "Belgium"]
[Date "2010.10.10"]
[Round "2.1"]
[White "Braun, Christian1111"]
[Black "Eliet, Nicolas"]
[Result "1/2-1/2"]
[WhiteElo "2408"]
[BlackElo "2410"]
[PlyCount "136"]
[EventDate "2010.09.26"]
[EventType "team-tourn"]
[EventRounds "11"]
[EventCountry "BEL"]
[SourceTitle "EXT 2012"]
[Source "ChessBase"]
[SourceDate "2011.11.24"]
[SourceVersion "1"]
[SourceVersionDate "2011.11.24"]
[SourceQuality "1"]
[WhiteTeam "Eynatten II"]
[BlackTeam "Charleroi CREC"]
[WhiteTeamCountry "BEL"]
[BlackTeamCountry "BEL"]

1. e4 c6 2. d4 d5 3. Nc3 dxe4 4. Nxe4 Nd7 5. Ng5 Ndf6 6. Bc4 e6 7. N1f3 Bd6 8. Qe2 h6 9. Ne4 Nxe4 10. Qxe4 Nf6 11. Qe2 b5 12. Bd3 Bb7 13. Bd2 a6 14. 0-0-0 Qc7 15. Kb1 Nd5 16. Ne5 c5 17. c4 bxc4 18. Nxc4 cxd4 19. Qg4 Be5 20. Ba5 Qb8 21. Rde1 h5 22. Qd1 Bf6 23. Qa4+ Kf8 24. Bb6 Kg8 25. Bc5 Qc8 26. Qa3 Bc6 27. Nd6 Qd7 28. Ne4 Be7 29. Rc1 Rh6 30. Rhe1 a5 31. Bxe7 Nxe7 32. f4 a4 33. Rc5 Rb8 34. Rec1 h4 35. Nf2 f5 36. Nh3 Qd6 37. Ka1 Rd8 38. R1c2 Rg6 39. Bf1 Rg4 40. Rd2 Ng6 41. Rc4 Qxa3 42. bxa3 Bb5 43. Rc1 d3 44. Rc5 Be8 45. Bxd3 Nxf4 46. Bxf5 Rxd2 47. Bxg4 Nd3 48. Rc8 Kf8 49. Bh5 g6 50. Bf3 Ke7 51. Ng5 Rf2 52. Rb8 Rf1+ 53. Rb1 Rxb1+ 54. Kxb1 Kf6 55. Kc2 Ne1+ 56. Kd2 Nxf3+ 57. Nxf3 g5 58. g3 Bc6 59. Nd4 Bd5 60. Nb5 Kf5 61. Nc3 Bc6 62. gxh4 gxh4 63. Ke3 Kg4 64. Ne2 e5 65. Kf2 Kh3 66. Kg1 e4 67. Nc3 e3 68. Nd1 Bd5 1/2-1/2

[Event "BEL-chT 1011"]
[Site "Belgium"]
[Date "2010.09.26"]
[Round "1.1"]
[White "Eliet, Nicolas"]
[Black "Berelowitsch, Alexander"]
[Result "1/2-1/2"]
[WhiteElo "2410"]
[BlackElo "2571"]
[PlyCount "85"]
[EventDate "2010.09.26"]
[EventType "team-tourn"]
[EventRounds "11"]
[EventCountry "BEL"]
[SourceTitle "EXT 2012"]
[Source "ChessBase"]
[SourceDate "2011.11.24"]
[SourceVersion "1"]
[SourceVersionDate "2011.11.24"]
[SourceQuality "1"]
[WhiteTeam "Charleroi CREC"]
[BlackTeam "Rochade"]
[WhiteTeamCountry "BEL"]
[BlackTeamCountry "BEL"]

1. d4 d5 2. c4 e6 3. Nc3 c5 4. cxd5 exd5 5. Nf3 Nc6 6. Bg5 f6 7. Be3 c4 8. g3 Bb4 9. Bg2 Nge7 10. 0-0 0-0 11. Bd2 Bg4 12. a3 Ba5 13. e3 Qd7 14. b4 cxb3 15. Qxb3 Rfd8 16. Ra2 Rac8 17. Rb1 Bf5 18. Rd1 Bd3 19. Bf1 Bxf1 20. Kxf1 Qf5 21. Ne1 b6 22. Kg1 h5 23. Qb1 Nxd4 24. Qxf5 Nexf5 25. Nb1 Nb3 26. Bb4 Nc5 27. Nf3 Bxb4 28. axb4 Ne4 29. Rxa7 Rc2 30. Nbd2 Rdc8 31. Rb7 Rc1 32. Rf1 R8c2 33. Nxe4 dxe4 34. Nh4 Nxh4 35. gxh4 Rxf1+ 36. Kxf1 Rc6 37. b5 Rd6 38. Kg2 Kh7 39. Kg3 Kg6 40. Kf4 Rd2 41. Kg3 Rd6 42. Kf4 Rd2 43. Kg3 1/2-1/2